| 000 | 00378nam a22001337a 4500 | ||
|---|---|---|---|
| 008 | 140404b xxu||||| |||| 00| 0 eng d | ||
| 050 | _aBT97.L43 1978 | ||
| 100 |
_aLewis C.S. _99784 |
||
| 245 |
_aMiracles _ba preliminary study _cC.S. Lewis |
||
| 260 |
_aNew York _bThe MacMillan Company _c1978 |
||
| 300 |
_a192p. ; _c18cm. |
||
| 650 |
_aMiracles _99785 |
||
| 942 |
_2lcc _cMONOGRAPH |
||
| 999 |
_c120386 _d120386 |
||